00558nam a22002057a 450000500170000001000110001702000220002803500110005003700160006104000120007708200110008910000280010024500780012826000430020627000120024930000250026165000240028665000200031070000220033020170124110126.0 a738018 c00.00a0192745220 a738018 aCen Lib/Ret aDPLbEN aNbSTE aStevenson, Robert Louis aKidnapped /cby Robert louis Stevenson; illustration by Victor G. Ambrus  aLondon bOxford unversity press c1974 bLondon  avii,220p. c22cm(Hb) aEnglish literature  aAdventure novel aAmbrus, Victor G.